| 000 | 00978nam a22002537a 4500 | ||
|---|---|---|---|
| 005 | 20170123164152.0 | ||
| 010 | _aB-029753 | ||
| 020 | _c140.00 | ||
| 035 | _aB-029753 | ||
| 037 | _bCen Lib/Ret | ||
| 040 |
_aDPL _bPN |
||
| 082 |
_aਕ _bਅਮਿੱਤਾ |
||
| 100 |
_aਅਮਿੱਤਾ ਪ੍ਰੀਤਮ _9126963 |
||
| 245 |
_aਹਾਰੇ ਧਾਗੇ ਦਾ ਰਿਸ਼ਤਾ / _cਅਮਿੱਤਾ ਪ੍ਰੀਤਮ |
||
| 246 |
_aHare dhage da rishta / _bby Amrita Pritam |
||
| 260 |
_aਦਿੱਲੀ _bਸ਼੍ਰੀ ਪ੍ਰਕਾਸ਼ਨ _c2000 |
||
| 270 |
_a੪/੩੨ ਸੁਭਾਸ਼ ਗਾਲੀ ਵਿਸਵਾਸ ਨਗਰ _bਦਿੱਲੀ _e110032 |
||
| 300 |
_a135p ; _c20cm |
||
| 650 |
_aਪੰਜਾਬੀ --ਸਾਹਿਤ _9126964 |
||
| 650 |
_aਪੰਜਾਬੀ-- ਕਹਾਣੀਆਂ _9126965 |
||
| 650 |
_aliterature--Punjabi _9126966 |
||
| 650 |
_aPunjabi - story _9126967 |
||
| 942 |
_2ddc _cPN _hਕ _mਅਮਿੱਤਾ |
||
| 999 |
_c110407 _d110407 |
||